MDQL
is popping MORE tags! Check the
thread
!
Quizzes
Events
Quiz Creation
Community
Videos
Private Events
Remove Ads
Sign In
Join for FREE
Feedback
Dark Mode
Quiz Categories
Sports
Geography
Music
Movies
Television
Just For Fun
Miscellaneous
History
Literature
Language
Science
Gaming
Entertainment
Religion
Holiday
For Kids
Quiz Lab
Recent
Popular Today
Quiz Kudos Today
Editor Picks
Curator Picks
Quizzes by...
Day
Popularity
Type
Ratings
Length
Year
Community
Subscriptions
Recent Discussions
Orange Saloon
Badges
Playlists
Quests
Create
Leaderboards
Showdown
Live 5
Trivia Bingo
Activity
Puzzle Library
Sporcle Events
Private Events
Virtual Trivia
Globe League
Become a Host
Pub Owners
SporcleCon
Opinionation
Our Games
Videos
Blog
Mobile Apps
Partnerships
Remove Ads and Go Orange
Feedback
Entertainment
Celebrity
Famous
Musical
Broadway
Show
Quote
Comic Books
Anime
Superhero
DC Comics
Marvel
Cartoons
Animation
Entertainment
Celebrity
Famous
Musical
Broadway
Show
Quote
Comic Books
Anime
Superhero
DC Comics
Marvel
Cartoons
Animation
Random Quiz
Search Sporcle
×
Quiz Lab
Quiz Lab
Entertainment
Definition
Type in answers that appear in a list
Type in answers that appear in a list
Classic
Best Score? Go Orange.
Memorable INZeta Bros Stats
Can you name the Memorable INZeta Bros?
By
colonelshaun
6m
30 Questions
32 Plays
32 Plays
32 Plays
Comments
Comments
Give Quiz Kudos
Give Quiz Kudos
-
- Ratings
hide this ad
More Info
Forced Order
Answers have to be entered in order
Answers have to be entered in order
Random Order
Randomize order of answers
Randomize order of answers
Replay
Link that replays current quiz
Next Quiz
Link to next quiz in quiz playlist
You Got
0%
They Got
Avg Score
43%
Avg Friend Score
Upgrade to see
Score Distribution
Jump to the score distribution portion of the page
Score
0/30
Timer
06:00
0
Plays Today
Definition
Last Name
% Correct
Shakira Shakira
Morales
75%
Gamer, no, heh, heh.
Shanklin
65.6%
Busey.
Lawrence
65.6%
Thesaurus
Pampel
65.6%
Once Achieved Below a 2.0
Dillon
62.5%
The Future of the American Fraternity
Dralle
59.4%
Vital to Remember.
Richter
56.3%
RIP Regina Microwave
LaGrange
56.3%
No, Actually
Dueball
53.1%
Safety Pin Shirts
Holz
53.1%
So Hot Right Now
Hillmer
53.1%
GA Boy
Crowley
50%
Hot Hands
Yates
50%
Grown Ass Man
Schuchhardt
46.9%
Gang Bang
Glander
46.9%
Definition
Last Name
% Correct
Sh*t's a good time.
Keller
40.6%
I'm Arrogant
King
40.6%
CEO of Disney and Honorary President of VU
Springer
37.5%
Double Header
Stephens
37.5%
barefoot native american
Helland
37.5%
3 shots of Vodka
Kienast
37.5%
Invisible Rocket Launchers
Haynes
34.4%
Gamma Phi Tau
Lindquist
31.3%
Dude.
Nelson
31.3%
World of Warcraft
Strybis
31.3%
'Stop Flexing, it's our wedding photos...'
Kelly
25%
Swindling SOB
Stachniak
21.9%
Patently False
Andrews
18.8%
Interesting.
Lesko
12.5%
PRT
Camacho
9.4%
Quiz Playlist
Details
Report
Send in Message
Add To Playlist
More Info:
Last Names Only
Classic:
Type in answers that appear in a list
Forced Order:
Answers have to be entered in order
Random Order:
Randomize order of answers
Last Updated: Feb 16, 2017
Quiz Scoreboard
CHALLENGE
Sign Up to Join the Scoreboard
Show All
Scores
Hide
Comments
May contain spoilers
Recently Published
Street Fighter Characters
by Artimus82
Gaming
60s
9x9 Crossword: Cartoon Network
by jackfrog10
Miscellaneous
3m
College Basketball Coaching Resumes
by pancakes188
Sports
9m
More to Explore
Quiz From the Vault
Featured Blog Post
Where Did the Easter Bunny Come From?
hide this ad
You Might Also Like...
Tags
Definition Quiz
bro
Inzeta
last
Memorable
Today's Top Quizzes in Entertainment
Browse Entertainment
hide this ad
Today's Top Quizzes in Definition
Browse Definition
Top Contributed Quizzes in Entertainment
1
7-to-1: DC Comics Villains
2
Marvel Characters Bunker
3
Eurovision 2023 Logic Puzzle
4
Dragon Ball Z: Goku's Fights in Order
5
Sorting Pictures: Villains
6
Criteria Quickie: Cartoon Taxonomy II
7
7-to-1: One Piece
8
Mini Trivia Sudoku: Musicals
9
Fictional Villains Letter U Blitz
10
Kamen Rider Motifs
Explore More
Trending Topics
Marvel
Harry Potter
Anime
Crossword
Kpop
NBA
Disney
Country
Soccer
The Office
Puzzle
NFL
Song
WWE
Pokémon
hide this ad
More By:
colonelshaun
Quiz
Plays
Rating
Category
Featured
Created
Mac Included Programs
119
3.00
Entertainment
Jan 23, 2010
Memorable INZeta Bros
32
Entertainment
Feb 3, 2010
Go to Creator's Profile
Score Distribution
Quiz Creator Spotlight
colonelshaun
Follow
Send a Message
Quizzes Created
-
Created Quiz Play Count
-
More By This Creator
Popular Quizzes Today
1
Find the US States - No Outlines Minefield
2
Find the Countries of Europe - No Outlines Minefield
3
The Countries of the World
4
Find the US States
5
Risky Map Clicking: Biggest States A-Z
6
US States
7
Popular People in 1961
8
Movies - When Are They Set?
More Entertainment Quizzes
Animated Eye Spy: 'F'
Published
Trending Quizzes
Risky Map Clicking: Least Populous States A-Z
1-10 Letter G Words
Risky Map Clicking: Next State Alphabetically
Adjectives in 80s TV Shows
The Seven Year Switch: Catherine
Recently Updated
Leaping Animals
pecheneg
Reality TV Shows (A-Z)
bhenderson79
Rickey Henderson's Hall of Fame Teammates
pecheneg
Champions League XIs: Arsenal
pecheneg
Quick Pick: Celebrities in WWE's Hall of Fame
aduchscher
A-Z Keypad Blitz II
pecheneg
Multiple Oscar Actors
pecheneg
Mystery Phrase Blitz: Oscar 'Best Actors'
pecheneg
F. Scott Fitzgerald Novels
LTH
Pick 3 Villains
ddd62291
Trending Topics
Crossword
Disney
Kpop
NBA
Marvel
Anime
Harry Potter
Pokémon
Soccer
WWE
Country
The Office
NFL
Puzzle
Song
Your Account Isn't Verified!
In order to create a playlist on Sporcle, you need to verify the email address you used during registration. Go to your
Sporcle Settings
to finish the process.
Report this User
Report this user for behavior that violates our
Community Guidelines
.
Details:
Send Report
Go to the Sporcle.com Mobile Site →
Comments